Statistics for Starboy Album Artists (Happy Birthday Trixie160!)

Click here to take the quiz!

General Stats

  • This quiz has been taken 6 times
  • The average score is 5 of 8

Answer Stats

Song(s)Artist% Correct
AllThe Weeknd
100%
Starboy, I Feel It ComingDaft Punk
75%
Six Feet Under, All I KnowFuture
75%
SidewalksKendrick Lamar
75%
Party Monster, Stargirl InterludeLana del Rey
75%
False AlarmAster Aweke
25%
SidewalksDaniel Wilson
25%
Rockin'Kazue Lika Tatsushima
25%

Score Distribution

Percentile by Number Answered

Percent of People with Each Score

Your Score History

You have not taken this quiz